|
|
|
|
| LEADER |
03095nam a22005055i 4500 |
| 001 |
978-0-387-34230-6 |
| 003 |
DE-He213 |
| 005 |
20151204164654.0 |
| 007 |
cr nn 008mamaa |
| 008 |
100301s2007 xxu| s |||| 0|eng d |
| 020 |
|
|
|a 9780387342306
|9 978-0-387-34230-6
|
| 024 |
7 |
|
|a 10.1007/978-0-387-34230-6
|2 doi
|
| 040 |
|
|
|d GrThAP
|
| 050 |
|
4 |
|a RC321-580
|
| 072 |
|
7 |
|a PSAN
|2 bicssc
|
| 072 |
|
7 |
|a MED057000
|2 bisacsh
|
| 082 |
0 |
4 |
|a 612.8
|2 23
|
| 100 |
1 |
|
|a Vanderwolf, C. H.
|e author.
|
| 245 |
1 |
4 |
|a The Evolving Brain
|h [electronic resource] :
|b The Mind and the Neural Control of Behavior /
|c by C. H. Vanderwolf.
|
| 264 |
|
1 |
|a Boston, MA :
|b Springer US,
|c 2007.
|
| 300 |
|
|
|a IX, 104 p.
|b online resource.
|
| 336 |
|
|
|a text
|b txt
|2 rdacontent
|
| 337 |
|
|
|a computer
|b c
|2 rdamedia
|
| 338 |
|
|
|a online resource
|b cr
|2 rdacarrier
|
| 347 |
|
|
|a text file
|b PDF
|2 rda
|
| 505 |
0 |
|
|a The mind and the explanation of behavior -- An introduction to behavior for neuroscientists -- Brain organization and behavior: The big picture -- Human origins and adaptations -- Human instinctive behavior -- Memory and experience-dependent behavior -- Neural mechanisms of locomotion in humans -- The neural control of voluntary movement in humans -- About hunting.
|
| 520 |
|
|
|a Present-day behavioral and cognitive neuroscience is based on the idea that the conventional philosophical theory of the mind provides a reliable guide to the functional organization of the brain. Consequently, much effort has been expended in a search for the neural basis of such psychological categories as memory, attention, emotion, motivation, and perception. The Evolving Brain: The Mind and the Neural Control of Behavior argues that (a) conventional psychological concepts originate from the philosophical speculations of ancient Greek philosophers, especially Plato and Aristotle; (b) there is serious doubt that these ancient philosophical analyses provide a reliable guide to the understanding of the human mind, human behavior, or the organization of the brain; and (c) that modern scientific studies of animal behavior provide a better guide to the study of the functional organization of the brain than is provided by conventional psychological concepts. C. H. Vanderwolf, Ph.D., DSC., is a Professor Emeritus in the Department of Psychology and Graduate Program in Neuroscience at the University of Western Ontario, London, Ontario, Canada.
|
| 650 |
|
0 |
|a Medicine.
|
| 650 |
|
0 |
|a Neurosciences.
|
| 650 |
|
0 |
|a Philosophy of mind.
|
| 650 |
|
0 |
|a Anthropology.
|
| 650 |
|
0 |
|a Neuropsychology.
|
| 650 |
|
0 |
|a Cognitive psychology.
|
| 650 |
1 |
4 |
|a Biomedicine.
|
| 650 |
2 |
4 |
|a Neurosciences.
|
| 650 |
2 |
4 |
|a Neuropsychology.
|
| 650 |
2 |
4 |
|a Cognitive Psychology.
|
| 650 |
2 |
4 |
|a Anthropology.
|
| 650 |
2 |
4 |
|a Philosophy of Mind.
|
| 710 |
2 |
|
|a SpringerLink (Online service)
|
| 773 |
0 |
|
|t Springer eBooks
|
| 776 |
0 |
8 |
|i Printed edition:
|z 9780387342290
|
| 856 |
4 |
0 |
|u http://dx.doi.org/10.1007/978-0-387-34230-6
|z Full Text via HEAL-Link
|
| 912 |
|
|
|a ZDB-2-SBL
|
| 950 |
|
|
|a Biomedical and Life Sciences (Springer-11642)
|